Canciones de Scorpions - ¡Muerte súbita! - Estadísticas

Estadísticas generales
  • Esta prueba ha sido intentada 20 veces
  • La puntuación promedio es 9 de 24
Answers on the Grid
Answers color-coded by a green-red scale on the quiz's grid according to % correct below.
Wind Of Change
Still Loving You
Send Me An Angel
Rock You Like A Hurricane
I'm Leaving You
Believe In Love
Lovedrive
Always Somewhere
Virgin Killer
Every Minute Every Day
Rhythm Of Love
Don't Believe Her
Tease Me Please Me
Big City Nights
Another Piece Of Meat
The Same Thrill
Bad Boys Running Wild
Coming Home
Blackout
When The Smoke Is Going Down
Lady Starlight
The Zoo
Only A Man
Loving You Sunday Morning
Only You
Livin' On A Prayer
Never Say Goodbye
Stairway to Heaven
It's My Life
Body Language
Radio Ga Ga
Princes Of The Universe
Jump
The Final Countdown
Play The Game
Runaway
 
Estadísticas de respuestas
Respuesta % Correcto
Still Loving You
83%
Wind Of Change
83%
Rock You Like A Hurricane
75%
Send Me An Angel
75%
Big City Nights
58%
Rhythm Of Love
58%
The Zoo
58%
Blackout
50%
When The Smoke Is Going Down
50%
Always Somewhere
42%
Lady Starlight
42%
Believe In Love
33%
I'm Leaving You
25%
Lovedrive
25%
The Same Thrill
25%
Bad Boys Running Wild
17%
Coming Home
17%
Loving You Sunday Morning
17%
Tease Me Please Me
17%
Virgin Killer
17%
Don't Believe Her
8%
Another Piece Of Meat
0%
Every Minute Every Day
0%
Only A Man
0%
No se encontraron pruebas coincidentes
Distribución de puntuación
Porcentaje de gente con cada puntuación
Porcentaje por número respondido
Historial de tus puntuaciones
No has intentado esta prueba.